000 00530nam a22002057a 4500
003 OSt
005 20140310182832.0
008 130603t xxu||||| |||| 00| 0 eng d
020 _a0891292276
050 _aBT 301
_b.N398 1975
082 _aM 232.954
_bN31 1975
245 _a"Why Listen?" : The Difficult Sayings of Jesus
_cNeil, William
260 _aNew York
_bPillar Books
_c1975
300 _a127 p.
521 _acollege students
526 _c1210L-1700L
541 _j1
562 _e1
942 _2lcc
_cBK
_kM
999 _c16649
_d16649